000 00545nam a2200217 i 4500
001 C2-0307209
003 PPAK
005 20180728093850.0
008 110113s1981 xx |||| ||||| | may d
040 _aPPAK
_beng
_cPPAK
_erda
082 0 4 _a899.2211
_223
090 0 0 _a899.2211
_bPAN
_dKIH
245 0 0 _aLangkah-langkah pendek
264 1 _bFMAP ,
_c1981
300 _a41 pages ;
_c21 cm
336 _2rdacontent
_atext
337 _2rdamedia
_aunmediated
338 _2rdacarrier
_avolume
650 1 0 _aIndonesian poetry
942 _ddc
_cB
999 _c109982
_d109982